Kviz o Gradisci - Statistics

General Stats
  • This quiz has been taken 5 times
  • The average score is 11 of 17
Answer Stats
Hint Answer % Correct
Skola u gradisci (senjak) Danilo Borkovic
100%
Granica sa drzavom Hrvatska
100%
Fudbalski Klub Kozara
100%
Najblizi Grad Laktasi
100%
Rijeka u gradisci (sa hr) Sava
100%
Granica sa selom Stara gradiska
100%
Gradonačelnik Zoran Adzic (snsd)
100%
Skola u gradisci (kruskik) Kozarska djeca
67%
Fudbalski Klub (seoski) Obradovac
67%
Skola u gradisci (centar) Vasa Cubrilovic
67%
Najvece Selo (Povrsina) Gornji Podgradci
33%
Ime Hrama Hram Pokrova Svete Bogorodice
33%
Najvece Selo (Stanovnistvo) Nova Topola
33%
Prvo Ime Grada Servicijum
33%
Ime Dzamija Tekijska
33%
Glavna Ulica Vidovdanska
33%
Ime Dzamija Selimija
0%
No matching quizzes found
Score Distribution
Percent of People with Each Score
Percentile by Number Answered
Your Score History
You have not taken this quiz